00745nam a2200205 a 4500001000200000003000900002005001700011008004100028020001800069040002500087082002900112100004400141245008200185260007200267300002100339490005600360500007100416650002500487650002700512 DO-SdBNP20211012091300.0180627s2016 dr r 000 0 spa d a9789945582383 aDO-SdBNPbspacBPMSU aRD863.44bA445e 20162221 aAlmánzar Rodríguez, Armando,d1935-13aEl elegido y otras historias desconsoladas /cArmando Almánzar Rodríguez. aSanto Domingo :bBanco Central de la República Dominicana,c2016. a173 p. ;c24 cm.0 aBanco Central de la República Dominicana,v226/79 aIncluye datos biográficos del autor en la solapa de la cubierta  4aCuentos Dominicanos  4aLiteratura dominicana